[Event "FIDE Womens Grand Swiss 2021"]
[Site "Riga"]
[Date "2021.11.01"]
[Round "6.3"]
[White "Harika, Dronavalli"]
[Black "Batsiashvili, Nino"]
[Result "1/2-1/2"]
[WhiteElo "2511"]
[BlackElo "2484"]
[Annotator "ChessBase"]
[PlyCount "156"]
[EventDate "2021.10.27"]
[EventType "swiss"]
[EventCountry "LAT"]
[Tiebreak "Cut1 Buchholz+Sonneborn-Berger (Swiss)"]
[SourceTitle "playchess.com"]
[Source "ChessBase"]
[SourceQuality "1"]
[TimeControl "40/6000+30:20/3000+30:900+30"]

1. e4 {[%emt 0:10:05]} e5 {[%emt 0:10:03]} 2. Nf3 {[%emt 0:00:08]} Nc6 {
[%emt 0:00:02]} 3. Bb5 {[%emt 0:00:08]} a6 {[%emt 0:00:05]} 4. Ba4 {[%emt 0:00:
05]} Nf6 {[%emt 0:00:08]} 5. d3 {[%emt 0:00:29]} d6 {[%emt 0:03:16]} 6. c3 {
[%emt 0:03:30]} Bd7 {[%emt 0:01:27]} 7. O-O {[%emt 0:03:33]} g6 {[%emt 0:00:07]
} 8. Re1 {[%emt 0:02:51]} Bg7 {[%emt 0:00:13]} 9. h3 {[%emt 0:00:48]} O-O {
[%emt 0:00:26]} 10. Bc2 {[%emt 0:06:19]} h6 {[%emt 0:14:53]} 11. d4 {[%emt 0:
05:06]} Nh5 {[%emt 0:03:28]} 12. Be3 {[%emt 0:01:16]} Qe7 {[%emt 0:04:59]} 13.
Nbd2 {[%emt 0:04:16]} Nd8 {[%emt 0:02:22]} 14. Bd3 {[%emt 0:12:34]} Ne6 {
[%emt 0:01:36]} 15. Bf1 {[%emt 0:00:34]} Rad8 {[%emt 0:03:38]} 16. a4 {[%emt 0:
02:53]} Be8 {[%emt 0:09:56]} 17. Qb3 {[%emt 0:06:05]} exd4 {[%emt 0:07:21]} 18.
cxd4 {[%emt 0:11:41]} c6 {[%emt 0:00:09]} 19. Qa3 {[%emt 0:05:36]} Nf6 {
[%emt 0:13:47]} 20. Rac1 {[%emt 0:06:26]} b5 {[%emt 0:04:21]} 21. axb5 {
[%emt 0:05:07]} axb5 {[%emt 0:00:01]} 22. e5 {[%emt 0:05:11]} Nd5 {[%emt 0:00:
03]} 23. Ne4 {[%emt 0:00:08]} b4 {[%emt 0:05:23]} 24. Qb3 {[%emt 0:00:14]} dxe5
{[%emt 0:00:15]} 25. dxe5 {[%emt 0:00:09]} Nxe3 {[%emt 0:00:24]} 26. Qxe3 {
[%emt 0:00:19]} Nc7 {[%emt 0:03:04]} 27. Qc5 {[%emt 0:04:28]} Qe6 {[%emt 0:05:
07]} 28. Qxb4 {[%emt 0:01:17]} Nd5 {[%emt 0:00:03]} 29. Qb7 {[%emt 0:04:40]}
Nf4 {[%emt 0:02:16]} 30. Qb4 {[%emt 0:02:37]} g5 {[%emt 0:04:04]} 31. Nc5 {
[%emt 0:00:47]} Qc8 {[%emt 0:03:26]} 32. Qe4 {[%emt 0:00:39]} Bd7 {[%emt 0:01:
00]} 33. Nxd7 {[%emt 0:00:43]} Qxd7 {[%emt 0:00:01]} 34. Rxc6 {[%emt 0:02:02]}
Rb8 {[%emt 0:00:31]} 35. Rd6 {[%emt 0:01:50]} Qb7 {[%emt 0:00:13]} 36. Qxb7 {
[%emt 0:00:57]} Rxb7 {[%emt 0:00:01]} 37. g3 {[%emt 0:00:46]} Ne6 {[%emt 0:00:
42]} 38. Rb1 {[%emt 0:00:15]} Rfb8 {[%emt 0:01:20]} 39. Bc4 {[%emt 0:00:17]}
Nc5 {[%emt 0:02:06]} 40. Rc6 {[%emt 0:01:03]} Bf8 {[%emt 0:02:14]} 41. e6 {
[%emt 0:33:02]} Nxe6 {[%emt 0:24:02]} 42. Bxe6 {[%emt 0:03:48]} fxe6 {[%emt 0:
00:01]} 43. Nd4 {[%emt 0:00:49]} Rxb2 {[%emt 0:00:30]} 44. Rxb2 {[%emt 0:00:30]
} Rxb2 {[%emt 0:00:30]} 45. Nxe6 {[%emt 0:00:30]} Bg7 {[%emt 0:00:30]} 46. Kg2
{[%emt 0:00:30]} Be5 {[%emt 0:00:30]} 47. Kf3 {[%emt 0:00:30]} Kf7 {[%emt 0:00:
30]} 48. Nd8+ {[%emt 0:00:30]} Kg7 {[%emt 0:00:30]} 49. Ke4 {[%emt 0:00:30]}
Bf6 {[%emt 0:00:30]} 50. Ne6+ {[%emt 0:00:30]} Kf7 {[%emt 0:00:30]} 51. Kf3 {
[%emt 0:00:30]} Be5 {[%emt 0:00:30]} 52. Nd8+ {[%emt 0:00:30]} Kg7 {[%emt 0:00:
30]} 53. Rc4 {[%emt 0:08:03]} Kf6 54. Nc6 {[%emt 0:00:30]} Rb3+ 55. Kg2 {
[%emt 0:00:55]} Bc3 {[%emt 0:02:23]} 56. h4 {[%emt 0:02:07]} Ke6 {[%emt 0:16:
52]} 57. Nd4+ {[%emt 0:01:58]} Bxd4 {[%emt 0:02:42]} 58. Rxd4 {[%emt 0:00:01]}
Kf5 {[%emt 0:02:00]} 59. Kh3 {[%emt 0:02:39]} Rb2 {[%emt 0:00:54]} 60. Rd8 {
[%emt 0:00:58]} Kg6 {[%emt 0:02:51]} 61. Rd6+ {[%emt 0:15:05]} Kg7 {[%emt 0:16:
39]} 62. f3 {[%emt 0:00:18]} Rb3 {[%emt 0:00:31]} 63. Kg4 {[%emt 0:00:00]} Rb5
{[%emt 0:00:37]} 64. Ra6 {[%emt 0:00:34]} Rc5 {[%emt 0:00:07]} 65. Kh5 {
[%emt 0:00:28]} Rc3 66. Kg4 {[%emt 0:00:08]} Rc5 {[%emt 0:01:53]} 67. Ra8 {
[%emt 0:00:21]} Rb5 {[%emt 0:00:14]} 68. Rc8 {[%emt 0:00:14]} Ra5 {[%emt 0:00:
07]} 69. Re8 {[%emt 0:00:18]} Rb5 {[%emt 0:00:19]} 70. Re6 {[%emt 0:00:30]} Ra5
{[%emt 0:00:30]} 71. Rb6 {[%emt 0:00:30]} Rc5 {[%emt 0:00:30]} 72. Rb3 {
[%emt 0:00:30]} Kg6 {[%emt 0:00:30]} 73. Rb6+ {[%emt 0:00:30]} Kg7 {[%emt 0:00:
30]} 74. Re6 {[%emt 0:00:25]} Ra5 75. Kh3 {[%emt 0:00:30]} Ra3 {[%emt 0:00:16]}
76. Kg2 {[%emt 0:00:30]} Ra2+ {[%emt 0:00:30]} 77. Kh3 {[%emt 0:00:30]} Ra3 {
[%emt 0:00:30]} 78. Kg4 {[%emt 0:00:00]} Ra5 {[%emt 0:00:00]} 1/2-1/2

[Event "FIDE Womens Grand Swiss 2021"]
[Site "Riga"]
[Date "2021.11.01"]
[Round "6.4"]
[White "Pogonina, Natalija"]
[Black "Badelka, Olga"]
[Result "1-0"]
[WhiteElo "2467"]
[BlackElo "2438"]
[Annotator "ChessBase"]
[PlyCount "71"]
[EventDate "2021.10.27"]
[EventType "swiss"]
[EventCountry "LAT"]
[Tiebreak "Cut1 Buchholz+Sonneborn-Berger (Swiss)"]
[SourceTitle "playchess.com"]
[Source "ChessBase"]
[SourceQuality "1"]
[TimeControl "40/6000+30:20/3000+30:900+30"]

1. c4 {[%emt 0:10:04]} e6 {[%emt 0:10:12]} 2. Nf3 {[%emt 0:01:16]} d5 {[%emt 0:
00:12]} 3. e3 {[%emt 0:00:46]} Nf6 {[%emt 0:00:12]} 4. Nc3 {[%emt 0:00:18]} Bd6
{[%emt 0:00:11]} 5. b3 {[%emt 0:01:50]} O-O {[%emt 0:00:12]} 6. Bb2 {[%emt 0:
01:27]} Re8 {[%emt 0:00:18]} 7. d4 {[%emt 0:07:59]} b6 {[%emt 0:00:34]} 8. cxd5
{[%emt 0:01:10]} exd5 {[%emt 0:00:11]} 9. Rc1 {[%emt 0:03:58]} a6 {[%emt 0:01:
24]} 10. Be2 {[%emt 0:10:16]} Bb7 {[%emt 0:01:46]} 11. O-O {[%emt 0:00:23]}
Nbd7 {[%emt 0:00:35]} 12. Re1 {[%emt 0:00:16]} Qe7 {[%emt 0:07:52]} 13. Bf1 {
[%emt 0:00:37]} Rac8 {[%emt 0:02:37]} 14. g3 {[%emt 0:04:29]} h5 {[%emt 0:14:
22]} 15. Bg2 {[%emt 0:06:32]} Ne4 {[%emt 0:06:56]} 16. Ne2 {[%emt 0:08:42]}
Ndf6 {[%emt 0:04:57]} 17. Nf4 {[%emt 0:04:57]} Ng4 {[%emt 0:07:11]} 18. Rc2 {
[%emt 0:02:47]} g6 {[%emt 0:00:20]} 19. Nd3 {[%emt 0:06:43]} c5 {[%emt 0:08:28]
} 20. Nfe5 {[%emt 0:04:15]} Bxe5 {[%emt 0:07:48]} 21. Nxe5 {[%emt 0:01:46]}
Nxe5 {[%emt 0:00:58]} 22. dxe5 {[%emt 0:00:10]} Rcd8 {[%emt 0:06:44]} 23. h4 {
[%emt 0:05:00]} f6 {[%emt 0:02:52]} 24. exf6 {[%emt 0:06:28]} Nxf6 {[%emt 0:00:
04]} 25. b4 {[%emt 0:01:26]} d4 {[%emt 0:05:52]} 26. Qd3 {[%emt 0:01:52]} Kh7 {
[%emt 0:03:36]} 27. e4 {[%emt 0:03:12]} Ng4 {[%emt 0:02:13]} 28. bxc5 {[%emt 0:
01:21]} bxc5 {[%emt 0:00:04]} 29. Ba3 {[%emt 0:03:05]} Rc8 {[%emt 0:02:02]} 30.
Qb3 {[%emt 0:01:33]} Rc7 {[%emt 0:07:45]} 31. Rxc5 {[%emt 0:04:22]} Rxc5 {
[%emt 0:00:06]} 32. Bxc5 {[%emt 0:00:04]} Qxc5 {[%emt 0:00:03]} 33. Qf7+ {
[%emt 0:00:31]} Kh6 {[%emt 0:00:03]} 34. Qxe8 {[%emt 0:00:07]} Nf6 {[%emt 0:02:
57]} 35. Qh8+ {[%emt 0:03:27]} Nh7 {[%emt 0:00:05]} 36. Rd1 {[%emt 0:00:12]}
1-0

[Event "FIDE Womens Grand Swiss 2021"]
[Site "Riga"]
[Date "2021.11.01"]
[Round "6.5"]
[White "Muzychuk, Mariya"]
[Black "Dzagnidze, Nana"]
[Result "1-0"]
[WhiteElo "2536"]
[BlackElo "2524"]
[Annotator "TA"]
[PlyCount "97"]
[EventDate "2021.10.27"]
[EventType "swiss"]
[EventCountry "LAT"]
[Tiebreak "Cut1 Buchholz+Sonneborn-Berger (Swiss)"]
[SourceTitle "playchess.com"]
[Source "ChessBase"]
[SourceQuality "1"]

{[%evp 14,97,14,0,-6,-12,12,-4,0,-12,-11,0,54,57,158,163,210,199,355,352,556,
568,567,575,525,339,368,352,356,307,333,325,307,327,314,320,316,316,389,397,
412,404,408,411,407,403,429,435,429,429,465,462,466,410,439,430,583,576,564,
558,12837,12837,12835,607,607,607,607,602,603,597,595,594,587,562,552,552,607,
607,605,601,601,601,587,579,565,565]} 1. e4 c5 2. c3 d5 3. exd5 Qxd5 4. d4 Nf6
5. Nf3 Bg4 6. Be2 e6 7. h3 Bh5 8. c4 Qd7 {B22: Sicilian: 2 c3.} 9. d5 exd5 10.
g4 Bg6 {...d4 is the strong threat.The position is equal.} 11. Ne5 Qe7 12. f4
Be4 (12... Ne4 $11 13. O-O f6 14. Nxg6 hxg6) 13. O-O $1 $14 {[#]} h5 $146 {[#]}
(13... Nc6 $14) ({Predecessor:} 13... Nbd7 14. Nc3 O-O-O 15. g5 Nb6 16. Re1
dxc4 17. Bg4+ Kc7 18. Bd2 h5 19. Bf3 Bxf3 20. Qxf3 Rxd2 21. gxf6 gxf6 22. Nxc4
Qxe1+ 23. Rxe1 Nxc4 {1-0 (26) Pranjic,M (2379)-Kazoks,A (2399) ICCF email 2008}
) 14. g5 $1 $16 {Threatens to win with cxd5.} Qe6 {[#]} 15. Kh2 Bd6 $2 (15...
Nc6) 16. gxf6 $18 gxf6 (16... Bxe5 {might work better.} 17. cxd5 Bxd5 18. fxe5
Nc6) 17. cxd5 Bxd5 {[#]} 18. Nc3 $1 fxe5 19. Qxd5 Nc6 20. Qxe6+ fxe6 21. Bb5
O-O-O 22. Bxc6 bxc6 23. Ne4 Bb8 24. fxe5 ({Don't play} 24. Nxc5 Rhe8 $18) 24...
Bxe5+ 25. Bf4 Bxf4+ 26. Rxf4 Rd4 27. Re1 Kc7 28. Re2 Kb6 29. Rf6 h4 30. Rxe6
Rf8 31. Re5 c4 32. Nc3 Rf3 33. R5e3 Rff4 34. Kg2 {White is clearly winning.} a5
35. Rf3 Rxf3 36. Kxf3 {[%mdl 4096] Endgame KRN-KR} Kc5 37. Ne4+ Kb4 38. Re3 (
38. Rd2 $142 Rd5 39. Kg4) 38... Rd8 39. Ke2 Rg8 40. Kd2 Rg2+ 41. Re2 Rg1 42.
Kc2 Rh1 43. Re3 Rh2+ 44. Nd2 a4 45. a3+ Kb5 46. Kc3 Rh1 47. Nf3 Rc1+ 48. Kd2
Rb1 49. Kc2 {White took control after the opening.  Weighted Error Value:
White=0.29/Black=0.39} 1-0

[Event "FIDE Womens Grand Swiss 2021"]
[Site "Riga"]
[Date "2021.11.01"]
[Round "6.6"]
[White "Kosteniuk, Alexandra"]
[Black "Vantika Agrawal"]
[Result "1-0"]
[WhiteElo "2518"]
[BlackElo "2322"]
[Annotator "ChessBase"]
[PlyCount "103"]
[EventDate "2021.10.27"]
[EventType "swiss"]
[EventCountry "LAT"]
[Tiebreak "Cut1 Buchholz+Sonneborn-Berger (Swiss)"]
[SourceTitle "playchess.com"]
[Source "ChessBase"]
[SourceQuality "1"]
[TimeControl "40/6000+30:20/3000+30:900+30"]

1. e4 {[%emt 0:10:06]} c5 {[%emt 0:10:13]} 2. Nf3 {[%emt 0:00:08]} d6 {[%emt 0:
00:07]} 3. Bb5+ {[%emt 0:00:12]} Nd7 {[%emt 0:00:14]} 4. Ba4 {[%emt 0:00:14]}
Ngf6 {[%emt 0:00:38]} 5. O-O {[%emt 0:00:18]} e6 {[%emt 0:00:04]} 6. Re1 {
[%emt 0:00:22]} a6 {[%emt 0:00:21]} 7. c4 {[%emt 0:00:08]} Be7 {[%emt 0:00:14]}
8. d4 {[%emt 0:00:39]} cxd4 {[%emt 0:00:14]} 9. Nxd4 {[%emt 0:00:04]} O-O {
[%emt 0:00:18]} 10. Nc3 {[%emt 0:00:06]} Qc7 {[%emt 0:07:13]} 11. Qe2 {[%emt 0:
01:21]} Ne5 {[%emt 0:03:56]} 12. Bb3 {[%emt 0:00:39]} Ng6 {[%emt 0:06:49]} 13.
Kh1 {[%emt 0:00:45]} e5 {[%emt 0:19:48]} 14. Nf5 {[%emt 0:06:14]} Be6 {[%emt 0:
06:06]} 15. Bg5 {[%emt 0:05:02]} h6 {[%emt 0:02:41]} 16. Be3 {[%emt 0:02:46]}
Qd7 {[%emt 0:07:00]} 17. g4 {[%emt 0:05:06]} b5 {[%emt 0:14:26]} 18. f3 {
[%emt 0:01:03]} bxc4 {[%emt 0:03:06]} 19. Bxc4 {[%emt 0:00:05]} Qc6 {[%emt 0:
05:38]} 20. Bxe6 {[%emt 0:01:01]} fxe6 {[%emt 0:00:05]} 21. Nxe7+ {[%emt 0:00:
04]} Nxe7 {[%emt 0:00:05]} 22. g5 {[%emt 0:00:07]} hxg5 {[%emt 0:00:58]} 23.
Bxg5 {[%emt 0:00:25]} Kf7 {[%emt 0:10:24]} 24. Rg1 {[%emt 0:04:37]} Rh8 {
[%emt 0:00:26]} 25. Rg2 {[%emt 0:02:35]} Ng6 {[%emt 0:01:06]} 26. Rag1 {
[%emt 0:04:21]} Nh5 {[%emt 0:01:25]} 27. Qd2 {[%emt 0:00:45]} Rac8 {[%emt 0:06:
04]} 28. Rg4 {[%emt 0:13:37]} Rh7 {[%emt 0:01:08]} 29. Qg2 {[%emt 0:02:28]}
Rch8 {[%emt 0:02:35]} 30. Qf2 {[%emt 0:13:08]} Qb7 {[%emt 0:01:11]} 31. Ne2 {
[%emt 0:02:32]} Rc8 {[%emt 0:00:42]} 32. Bd2 {[%emt 0:12:01]} Ne7 {[%emt 0:00:
35]} 33. Bc3 {[%emt 0:00:17]} Nf6 {[%emt 0:00:27]} 34. Rg5 {[%emt 0:00:24]}
Rch8 {[%emt 0:00:23]} 35. R1g2 {[%emt 0:00:08]} Nh5 {[%emt 0:00:45]} 36. Kg1 {
[%emt 0:05:33]} a5 {[%emt 0:00:30]} 37. f4 {[%emt 0:01:09]} Qxe4 {[%emt 0:00:
31]} 38. fxe5+ {[%emt 0:00:04]} Ke8 {[%emt 0:00:30]} 39. exd6 {[%emt 0:03:19]}
Nd5 {[%emt 0:00:30]} 40. Bd2 {[%emt 0:05:03]} Qb1+ {[%emt 0:00:30]} 41. Nc1 {
[%emt 0:57:16]} Qc2 {[%emt 0:34:49]} 42. Re5 {[%emt 0:00:00]} Nhf6 {[%emt 0:07:
08]} 43. Rxe6+ {[%emt 0:00:00]} Kd7 {[%emt 0:04:52]} 44. Nb3 {[%emt 0:00:00]}
Rxh2 {[%emt 0:04:32]} 45. Qa7+ {[%emt 0:00:00]} Kxe6 {[%emt 0:00:59]} 46. Nd4+
{[%emt 0:00:00]} Ke5 {[%emt 0:00:31]} 47. Nxc2 {[%emt 0:00:00]} Rh1+ {[%emt 0:
00:39]} 48. Kf2 {[%emt 0:00:00]} Ne4+ {[%emt 0:00:30]} 49. Ke2 {[%emt 0:00:00]}
Kxd6 {[%emt 0:00:31]} 50. Nd4 {[%emt 0:00:00]} Re8 {[%emt 0:00:28]} 51. Qa6+ {
[%emt 0:00:00]} Ke5 {[%emt 0:00:19]} 52. Nf3+ {[%emt 0:00:00]} 1-0

[Event "FIDE Womens Grand Swiss 2021"]
[Site "Riga"]
[Date "2021.11.01"]
[Round "6.7"]
[White "Munguntuul, Batkhuyag"]
[Black "Shuvalova, Polina"]
[Result "1-0"]
[WhiteElo "2433"]
[BlackElo "2509"]
[Annotator "TA"]
[PlyCount "113"]
[EventDate "2021.10.27"]
[EventType "swiss"]
[EventCountry "LAT"]
[Tiebreak "Cut1 Buchholz+Sonneborn-Berger (Swiss)"]
[SourceTitle "playchess.com"]
[Source "ChessBase"]
[SourceQuality "1"]

{[%evp 12,113,13,6,16,12,10,9,18,0,17,0,18,10,111,113,96,73,85,64,45,36,59,56,
62,66,94,92,107,37,66,51,129,137,164,154,170,166,151,177,173,173,207,119,125,
97,117,86,164,177,162,146,160,157,181,168,193,194,218,203,214,205,175,139,141,
129,628,433,403,268,2115,2116,1954,1604,29988,29989,29987,2176,1644,1050,950,
738,732,728,662,577,1318,1181,2099,1841,5510,5181,29969,29972,29971,29972,
29975,29975,29976,29977,29981,29982,29982,29982]} 1. e4 e5 2. Nf3 Nc6 3. Bb5 a6
4. Ba4 Nf6 5. d3 b5 6. Bb3 Bc5 7. Nc3 {7.c3 gains popularity.} d6 {C77: Ruy
Lopez: 3...a6 4 Ba4 Nf6, unusual lines.} 8. Nd5 h6 9. c3 O-O {The position is
equal.} 10. Nxf6+ Qxf6 11. Bd5 Bd7 12. Rg1 Ne7 (12... h5 $11) 13. Bxa8 $16 Rxa8
14. Be3 {[#]} Ng6 $146 ({Predecessor:} 14... Bxe3 15. fxe3 d5 16. Qc2 c5 17.
Rf1 Qe6 18. Kf2 f5 19. Kg1 c4 20. d4 exd4 21. Nxd4 Qxe4 {1-0 (32) Miranda Mesa,
E (2438)-Gonzalez Ochoa,Y (2090) Havana 2018}) 15. d4 exd4 16. Bxd4 Qe7 17. Qe2
Be6 18. a3 Rb8 19. Qe3 a5 20. Kd2 (20. g3 $16) 20... f6 21. b4 Bb6 ({Black
should play} 21... Qd7 $14) 22. Bxb6 Rxb6 23. bxa5 Ra6 24. a4 $1 {[%cal Ra4b5]}
Rxa5 25. axb5 Rxb5 26. Rgb1 $1 {[%cal Rb1b5]} Rc5 27. Rb4 (27. Rb8+ $18 Kf7 28.
Ra7) 27... Kh7 28. Ke1 Bc4 29. Raa4 Be6 (29... Bb5 $16) 30. Kf1 $18 Bd7 31. Ra3
Qf7 32. Kg1 f5 {[#]} 33. exf5 $1 Rxf5 34. h3 Nf4 35. Nh4 Rf6 {[#]} 36. Qe4+ $1
g6 37. Ra8 Be6 38. Rbb8 {And now c4 would win.} Qd7 $2 {[%mdl 8192] Loses the
game.} (38... Bd5 $16 39. Rh8+ Kg7 40. Rag8+ Qxg8 41. Rxg8+ Bxg8) 39. Kh2 Kg7
40. Qd4 g5 $2 {[#]} (40... Bf7 41. Ra7 g5) 41. Nf5+ $1 {[%mdl 512]} Kg6 42. g4
Nh5 43. gxh5+ Kxf5 44. Rf8 (44. Qg4+ $142 Ke5 45. Qe2+ Kf5 46. Rb1 d5 47. Qf3+
Ke5 48. Re1+ Kd6 49. Qxf6) 44... Rf7 45. Rxf7+ Qxf7 {[%mdl 4096] Endgame
KQR-KQB} 46. Qh8 {Hoping for Rf8.} Qf6 47. Qxf6+ Kxf6 {KR-KB} 48. Ra7 c5 49.
Rh7 d5 50. Rxh6+ Kf5 51. Kg3 d4 52. cxd4 {White mates.} cxd4 53. Kf3 Bd5+ 54.
Ke2 Bc4+ 55. Kd2 g4 56. hxg4+ Kxg4 57. Rc6 {Weighted Error Value: White=0.18/
Black=0.64} 1-0

[Event "FIDE Womens Grand Swiss 2021"]
[Site "Riga"]
[Date "2021.11.01"]
[Round "6.8"]
[White "Osmak, Iulija"]
[Black "Abdumalik, Zhansaya"]
[Result "1/2-1/2"]
[WhiteElo "2423"]
[BlackElo "2507"]
[Annotator "TA"]
[PlyCount "75"]
[EventDate "2021.10.27"]
[EventType "swiss"]
[EventCountry "LAT"]
[Tiebreak "Cut1 Buchholz+Sonneborn-Berger (Swiss)"]
[SourceTitle "playchess.com"]
[Source "ChessBase"]
[SourceQuality "1"]

{[%evp 12,75,34,34,35,34,34,34,29,29,31,35,35,31,37,35,46,38,47,47,42,41,48,35,
51,53,45,51,41,39,62,62,64,49,45,43,47,37,38,11,35,35,43,44,43,42,65,12,12,12,
7,0,0,0,0,0,0,0,0,0,0,0,0,0,0,0]} 1. Nf3 Nf6 2. c4 e6 3. g3 d5 4. d4 Bb4+ 5.
Bd2 a5 6. Qc2 Nc6 {6...0-0 deserves study.} 7. Bg2 dxc4 {E11: Bogo-Indian.} 8.
Qxc4 Qd5 9. Qd3 Qf5 {White is slightly better.} 10. Qxf5 exf5 11. a3 {was the
old line (11.0-0).} Bxd2+ 12. Nbxd2 O-O 13. Rc1 a4 14. e3 Be6 15. O-O {[#]}
Rfc8 $146 ({Predecessor:} 15... g6 16. Ne1 Bd5 17. Nd3 Rfc8 18. Nc5 Ra7 19. Nd7
Nxd7 20. Bxd5 Ne7 21. Bf3 Kg7 22. h3 c6 23. Kg2 Rd8 24. Nc4 h5 {1/2-1/2 (24)
Carbajal,C (2460)-Glinz,G (2471) ICCF email 2008}) 16. Ne1 Na5 17. Nd3 c6 18.
Nc5 b5 $1 19. Nxe6 fxe6 20. Rc2 Nd5 21. Rfc1 h6 22. Nf3 Nb3 23. Rd1 Ra7 24. Ne5
Rac7 25. Bf1 Kf8 26. h4 Ke7 27. h5 Kf6 28. Be2 Nb6 29. Nd3 (29. Nf3 $14) 29...
c5 $11 {The position is equal.} 30. dxc5 Nc4 31. Kf1 Nxc5 32. Nxc5 Rxc5 33. Ke1
Na5 34. Rxc5 Rxc5 35. Rd7 Rc1+ 36. Rd1 Rc5 37. Rd7 Rc1+ 38. Rd1 {Weighted
Error Value: White=0.05/Black=0.04} 1/2-1/2

[Event "FIDE Womens Grand Swiss 2021"]
[Site "Riga"]
[Date "2021.11.01"]
[Round "6.9"]
[White "Girya, Olga"]
[Black "Kashlinskaya, Alina"]
[Result "0-1"]
[WhiteElo "2410"]
[BlackElo "2493"]
[Annotator "ChessBase"]
[PlyCount "86"]
[EventDate "2021.10.27"]
[EventType "swiss"]
[EventCountry "LAT"]
[Tiebreak "Cut1 Buchholz+Sonneborn-Berger (Swiss)"]
[SourceTitle "playchess.com"]
[Source "ChessBase"]
[SourceQuality "1"]
[TimeControl "40/6000+30:20/3000+30:900+30"]

1. d4 {[%emt 0:10:04]} Nf6 {[%emt 0:10:09]} 2. Nf3 {[%emt 0:00:09]} e6 {
[%emt 0:00:17]} 3. c4 {[%emt 0:00:05]} Bb4+ {[%emt 0:00:10]} 4. Bd2 {[%emt 0:
00:06]} a5 {[%emt 0:00:15]} 5. g3 {[%emt 0:03:24]} d5 {[%emt 0:00:25]} 6. Bg2 {
[%emt 0:00:16]} O-O {[%emt 0:00:21]} 7. Qc2 {[%emt 0:09:15]} c5 {[%emt 0:00:23]
} 8. O-O {[%emt 0:05:35]} cxd4 {[%emt 0:02:28]} 9. Nxd4 {[%emt 0:03:00]} e5 {
[%emt 0:01:24]} 10. Nb5 {[%emt 0:00:29]} d4 {[%emt 0:04:01]} 11. Bxb4 {[%emt 0:
18:40]} axb4 {[%emt 0:00:57]} 12. Nd2 {[%emt 0:00:05]} Nc6 {[%emt 0:01:52]} 13.
c5 {[%emt 0:10:49]} Qe7 {[%emt 0:02:50]} 14. Nd6 {[%emt 0:05:06]} Be6 {[%emt 0:
02:42]} 15. N2c4 {[%emt 0:01:41]} e4 {[%emt 0:11:00]} 16. b3 {[%emt 0:11:20]}
Kh8 {[%emt 0:26:30]} 17. Nxe4 {[%emt 0:04:31]} Nxe4 {[%emt 0:02:16]} 18. Qxe4 {
[%emt 0:01:35]} Qxc5 {[%emt 0:02:07]} 19. Rfc1 {[%emt 0:00:11]} Rfd8 {[%emt 0:
04:16]} 20. Qf4 {[%emt 0:02:30]} Kg8 {[%emt 0:00:58]} 21. Nb2 {[%emt 0:01:16]}
Qe7 {[%emt 0:00:42]} 22. Nd3 {[%emt 0:00:34]} Bd5 {[%emt 0:03:45]} 23. Qd2 {
[%emt 0:06:42]} h5 {[%emt 0:02:20]} 24. Rc5 {[%emt 0:02:13]} Bxg2 {[%emt 0:05:
28]} 25. Kxg2 {[%emt 0:00:01]} Rd5 {[%emt 0:00:13]} 26. Rxd5 {[%emt 0:04:16]}
Qe4+ {[%emt 0:00:04]} 27. Kg1 {[%emt 0:00:18]} Qxd5 {[%emt 0:00:06]} 28. Rc1 {
[%emt 0:00:23]} h4 {[%emt 0:01:48]} 29. Rc5 {[%emt 0:04:17]} Qe6 {[%emt 0:01:
04]} 30. Rh5 {[%emt 0:03:42]} h3 {[%emt 0:00:38]} 31. Nf4 {[%emt 0:02:24]} Qxb3
{[%emt 0:01:00]} 32. Nxh3 {[%emt 0:00:48]} Qb1+ {[%emt 0:06:04]} 33. Kg2 {
[%emt 0:00:04]} Qe4+ {[%emt 0:00:10]} 34. f3 {[%emt 0:00:39]} Qe3 {[%emt 0:00:
01]} 35. Qxe3 {[%emt 0:00:45]} dxe3 {[%emt 0:00:06]} 36. Rb5 {[%emt 0:00:21]}
Rxa2 {[%emt 0:01:51]} 37. Nf4 {[%emt 0:00:02]} Rb2 {[%emt 0:03:10]} 38. h4 {
[%emt 0:00:54]} Nd4 {[%emt 0:01:30]} 39. Rxb7 {[%emt 0:00:08]} Nxe2 {[%emt 0:
00:10]} 40. Rb8+ {[%emt 0:01:11]} Kh7 {[%emt 0:00:02]} 41. Nxe2 {[%emt 0:24:00]
} Rxe2+ {[%emt 0:21:58]} 42. Kg1 {[%emt 0:03:02]} Re1+ {[%emt 0:01:10]} 43. Kg2
{[%emt 0:00:02]} Rc1 {[%emt 0:00:28]} 0-1